Statistics for Actors by Role #3

Click here to take the quiz!

General Stats

  • This quiz has been taken 9,924 times
  • The average score is 11 of 18

Answer Stats

RolesActor% Correct
Evil Roman emperor, deranged Gotham comedian, Johnny CashJoaquin Phoenix
80%
Man who ages backward, Oakland A's general manager, casino thiefBrad Pitt
76%
Dinosaur trainer, video game plumber, galactic protectorChris Pratt
74%
Male supermodel, dishonest fiancé, museum security guardBen Stiller
71%
African prince in NYC, talking dragon, doctor who talks to animals
Eddie Murphy
68%
Speeding bus driver, adopter of an athlete, undercover beauty pageant contestantSandra Bullock
68%
Heavyweight boxer, commando, cryogenically-frozen copSylvester Stallone
67%
British spy with bad teeth, public access TV host, ogreMike Myers
63%
Sophisticated cannibal, an old man losing his mind, Richard NixonAnthony Hopkins
62%
Hockey player turned golfer, owner of a magic remote control, Mossad agentAdam Sandler
61%
Toy doll, Tonya Harding, Sharon TateMargot Robbie
57%
Surfing FBI agent, human battery, vengeful retired hitmanKeanu Reeves
54%
Shakespeare's mistress, an obese woman who appears skinny,
superhero's personal assistant
Gwyneth Paltrow
52%
Oil driller who goes to space, the founder of Nike, blind superheroBen Affleck
51%
First lady of Argentina, female baseball player, desperately sought after womanMadonna
50%
Slightly overweight diarist, sports agent's girlfriend, jazz age murderer
Renée Zellweger
45%
Gay San Francisco politician, low IQ individual, dude who orders pizza in class
Sean Penn
44%
Virginia Woolf, French cabaret singer with tuberculosis, the queen of AtlantisNicole Kidman
35%

Score Distribution

Percentile by Number Answered

Percent of People with Each Score

Your Score History

You have not taken this quiz